| 000 | 00362nam a2200133Ia 4500 | ||
|---|---|---|---|
| 005 | 20260328104251.0 | ||
| 008 | 260328s9999||||xx |||||||||||||| ||und|| | ||
| 100 | _aLangagne O., Eduardo | ||
| 245 | 0 |
_aLos Diversos Caminos de los Arquitectos : _b Tomo X / _cEduardo Langagne O. |
|
| 260 | _bArquitecto | ||
| 300 | _a123 p. | ||
| 650 | _aARQUITECTOS | ||
| 942 | _cBK | ||
| 999 |
_c10259 _d10259 |
||